[Event "35th Zalakaros Open 2016"]
[Site "Zalakaros HUN"]
[Date "2016.05.30"]
[Round "4.53"]
[White "Plichta, Kamil"]
[Black "Hardicsay, Peter"]
[Result "1/2-1/2"]
[WhiteTitle "FM"]
[BlackTitle "IM"]
[WhiteElo "2336"]
[BlackElo "2245"]
[WhiteFideId "1141830"]
[BlackFideId "700622"]
[EventDate "2016.05.27"]

1. c4 Nf6 2. d4 c6 3. Nf3 d5 4. Nc3 g6 5. Bg5 Ne4 6. Bh4 Qa5 7. e3 Nd7 8. cxd5
cxd5 9. Qb3 Nxc3 10. bxc3 a6 11. Be2 e6 12. O-O Bd6 13. c4 dxc4 14. Bxc4 Nb6 15.
Be2 O-O 16. Rfc1 Bd7 17. Bg3 Bxg3 18. Rc5 Bb5 19. hxg3 Na4 20. Rc2 Bxe2 21. Rxe2
b5 22. Rc2 Rac8 23. Rac1 Rxc2 24. Rxc2 Nb6 25. Ne5 Nd5 26. Nd3 h5 27. a3 Nb6 28.
Qb4 Qa4 29. Qxa4 Nxa4 30. Rc6 Ra8 31. Rc7 a5 32. Ne5 Rb8 33. Ra7 b4 34. axb4
Rxb4 35. Rxa5 Nc3 36. Ra8+ Kg7 37. Ra7 Ne4 38. Rxf7+ Kh6 39. Kh2 Rb2 40. Nd3 Rd2
41. Rf4 Nc3 42. Ne5 Nd1 43. Kg1 Nc3 44. Rf6 Ne4 45. Rxe6 Rd1+ 46. Kh2 Nxf2 47.
g4 h4 48. g5+ Kh5 49. g4+ hxg3+ 50. Kxg3 Ne4+ 51. Kg2 Rd2+ 52. Kf1 Ng3+ 53. Ke1
Re2+ 54. Kd1 Rxe3 55. d5 Nf5 56. Kd2 Ra3 57. d6 Nxd6 58. Rxd6 Kxg5 59. Nxg6 Kf5
60. Rb6 Ke4 61. Rb4+ Kf5 62. Nf4 Rf3 63. Nd3 Rh3 64. Rb5+ Kf6 65. Kc3 Rh4 66.
Nc5 Rg4 67. Kd3 Rh4 68. Ne4+ Ke6 69. Kd4 Rh1 70. Rb6+ Kd7 71. Nf6+ Ke7 72. Ke5
Kf7 73. Rb7+ Kg6 74. Ne4 Rf1 75. Rb6+ Kg7 76. Ng3 Ra1 77. Nf5+ Kf7 78. Rf6+ Ke8
79. Kd5 Rd1+ 80. Nd4 Ke7 81. Ra6 Kf7 82. Ra3 Kf6 83. Rf3+ Kg5 84. Rf2 Kg6 85.
Ke5 Re1+ 86. Ne2 Ra1 87. Nf4+ Kf7 88. Nd5+ Kg6 89. Ne7+ Kg7 90. Nf5+ Kf7 91.
Nd6+ Ke7 92. Rf7+ Kd8 93. Ne4 Re1 94. Kd5 Rd1+ 95. Ke6 Re1 96. Rd7+ Kc8 97. Rd4
Kc7 98. Rc4+ Kb6 99. Kd7 Rh1 100. Rb4+ Ka5 101. Rb8 Rh6 102. Nd6 Ka4 103. Kc6
Rg6 104. Kc5 Rg5+ 105. Kd4 Ka5 106. Nc4+ Ka6 107. Rb6+ Ka7 108. Re6 Rh5 109. Ne5 1/2-1/2

[Event "35th Zalakaros Open 2016"]
[Site "Zalakaros HUN"]
[Date "2016.05.30"]
[Round "4.54"]
[White "Tirelli, Mauro"]
[Black "Spalir, Jernej"]
[Result "0-1"]
[BlackTitle "FM"]
[WhiteElo "2217"]
[BlackElo "2330"]
[WhiteFideId "845353"]
[BlackFideId "14606518"]
[EventDate "2016.05.27"]

1. e4 c6 2. Bc4 d5 3. Bb3 dxe4 4. Qh5 g6 5. Qh4 Nf6 6. Nc3 Bg7 7. f3 Nbd7 8.
fxe4 Nc5 9. Nf3 Nxb3 10. axb3 O-O 11. O-O e5 12. d3 Nh5 13. Qxd8 Rxd8 14. Be3 a6
15. Bb6 Re8 16. Ra5 f6 17. Na4 Bf8 18. Nc5 Nf4 19. Nd2 Kg7 20. Nc4 Ne2+ 21. Kf2
Nd4 22. Rc1 Kg8 23. Nd2 Bh6 24. Ke1 Bf4 25. c3 Ne6 26. g3 Bh6 27. Ke2 Nxc5 28.
Bxc5 Bg4+ 29. Ke1 Rad8 30. d4 exd4 31. Bxd4 b6 0-1

[Event "35th Zalakaros Open 2016"]
[Site "Zalakaros HUN"]
[Date "2016.05.30"]
[Round "4.55"]
[White "Horvath, Dominik"]
[Black "Peczely, Sebastian Zsombor"]
[Result "1/2-1/2"]
[WhiteElo "2286"]
[BlackElo "2255"]
[WhiteFideId "1642561"]
[BlackFideId "750964"]
[EventDate "2016.05.27"]

1. Nf3 c5 2. c4 Nc6 3. Nc3 g6 4. e3 Bg7 5. d4 cxd4 6. exd4 d6 7. Be2 Bg4 8. Be3
Nf6 9. O-O O-O 10. d5 Bxf3 11. Bxf3 Ne5 12. Be2 Qc8 13. b3 Ned7 14. Rc1 Nc5 15.
Bd4 b6 16. f4 Nce4 17. Bf3 Nxc3 18. Rxc3 Rb8 19. Re1 Re8 20. Rce3 Qc7 21. Qd3 a6
22. a4 Qd7 23. g3 Rb7 24. Kg2 h6 25. h3 Nh7 26. Bg4 Qc7 27. h4 Bxd4 28. Qxd4 Qc5
29. Qc3 Nf6 30. b4 Qxe3 31. Qxe3 Nxg4 32. Qf3 h5 33. c5 bxc5 34. bxc5 dxc5 35.
d6 Rb2+ 36. Kg1 e6 37. Qc6 Rf8 38. Qf3 Rd8 39. Qc3 Rb6 40. Rd1 Rbxd6 41. Rxd6
Rxd6 42. Qxc5 Rd1+ 43. Kg2 Rd2+ 44. Kg1 1/2-1/2

[Event "35th Zalakaros Open 2016"]
[Site "Zalakaros HUN"]
[Date "2016.05.31"]
[Round "5.2"]
[White "Vajda, Levente"]
[Black "Berkes, Ferenc"]
[Result "1/2-1/2"]
[WhiteTitle "GM"]
[BlackTitle "GM"]
[WhiteElo "2581"]
[BlackElo "2636"]
[WhiteFideId "1203975"]
[BlackFideId "718572"]
[EventDate "2016.05.27"]

1. Nf3 Nf6 2. g3 g6 3. Bg2 Bg7 4. O-O O-O 5. c4 c6 6. d4 d5 7. cxd5 cxd5 8. Nc3
Ne4 9. Ne5 Nxc3 10. bxc3 Nc6 1/2-1/2

[Event "35th Zalakaros Open 2016"]
[Site "Zalakaros HUN"]
[Date "2016.05.31"]
[Round "5.3"]
[White "Onischuk, Vladimir"]
[Black "Aryan, Chopra"]
[Result "1-0"]
[WhiteTitle "GM"]
[BlackTitle "IM"]
[WhiteElo "2628"]
[BlackElo "2459"]
[WhiteFideId "14114038"]
[BlackFideId "5084423"]
[EventDate "2016.05.27"]

1. e4 c5 2. Nf3 d6 3. d4 cxd4 4. Nxd4 Nf6 5. Nc3 a6 6. Be2 e5 7. Nb3 Be7 8. Bg5
Be6 9. Bxf6 Bxf6 10. Qd3 Nc6 11. O-O-O Qb6 12. Nd5 Bxd5 13. exd5 Nd4 14. Nxd4
Qxd4 15. Qxd4 exd4 16. Bd3 h5 17. Rdf1 Kd7 18. f4 h4 19. Kd2 Rae8 20. a4 Re3 21.
a5 Re7 22. b4 Kc7 23. Kc1 Re3 24. Kd2 g5 25. Kd1 g4 26. Kd2 g3 27. h3 Ree8 28.
Rb1 Rh5 29. Rhe1 Rxe1 30. Rxe1 Rh8 31. Rb1 Re8 32. Re1 Rg8 33. Re4 Kd7 34. Ke2
Kd8 35. Kf3 Kc7 36. Re1 Kd7 37. Rb1 Kc7 38. Ke4 Re8+ 39. Kf5 Bd8 40. Ra1 Re3 41.
Kg4 Bf6 42. Kf5 Bd8 43. b5 axb5 44. Bxb5 Be7 45. Bd3 Kb8 46. Ra4 Bd8 47. a6 Ka7
48. axb7+ Kxb7 49. Rxd4 Bb6 50. Rb4 Ka7 51. Kf6 Re1 52. Kxf7 Rg1 53. Be4 Bc5 54.
Rb3 Rf1 55. Bf3 1-0

[Event "35th Zalakaros Open 2016"]
[Site "Zalakaros HUN"]
[Date "2016.05.31"]
[Round "5.4"]
[White "Rakhmanov, Aleksandr"]
[Black "Deac, Bogdan-Daniel"]
[Result "1/2-1/2"]
[WhiteTitle "GM"]
[BlackTitle "IM"]
[WhiteElo "2654"]
[BlackElo "2501"]
[WhiteFideId "4173708"]
[BlackFideId "1226380"]
[EventDate "2016.05.27"]

1. c4 c5 2. Nf3 Nf6 3. Nc3 Nc6 4. e3 e5 5. d4 e4 6. d5 exf3 7. dxc6 dxc6 8.
Qxd8+ Kxd8 9. gxf3 g6 10. b3 Bg7 11. Bb2 Ke7 12. h4 Be6 13. Ne4 b6 14. Bg2 Nh5
15. Bxg7 Nxg7 16. f4 Rad8 17. Ng5 Bd7 18. O-O-O h5 19. Be4 Nf5 20. Rd2 f6 21.
Nf3 Rhg8 22. Rhd1 Nh6 23. Nh2 Nf5 24. Nf3 Nh6 25. Rg1 Nf5 26. Bc2 Be6 27. Rxd8
Kxd8 28. Bxf5 Bxf5 29. Nd2 Ke7 30. e4 Be6 31. Kc2 Kf7 32. Nf1 Rd8 33. Ng3 Bg4
34. Re1 b5 35. Re3 Bd1+ 36. Kc1 Bg4 37. f3 Be6 38. cxb5 cxb5 39. Rc3 c4 40. f5
gxf5 41. exf5 Bd5 42. bxc4 Bxc4 43. Ra3 Rd3 44. Rxa7+ Kf8 45. Nxh5 Rxf3 46. Nxf6
Rxf5 47. Ra8+ Kg7 48. Ne8+ Kh7 49. a3 Rf4 50. h5 Kh6 51. Nd6 Kxh5 52. Nxc4 Rxc4+
53. Kb2 Kg6 54. Ra5 Kf6 55. Rxb5 Ke6 56. Kb3 Rc6 57. Rb7 Kd6 58. Kb4 Rc1 59. Ka5
Kc6 60. Rh7 Ra1 61. a4 Ra2 1/2-1/2

[Event "35th Zalakaros Open 2016"]
[Site "Zalakaros HUN"]
[Date "2016.05.31"]
[Round "5.5"]
[White "Narayanan, Srinath"]
[Black "Romanov, Evgeny"]
[Result "1/2-1/2"]
[WhiteTitle "IM"]
[BlackTitle "GM"]
[WhiteElo "2469"]
[BlackElo "2641"]
[WhiteFideId "5018420"]
[BlackFideId "4148843"]
[EventDate "2016.05.27"]

1. e4 e5 2. Nf3 Nc6 3. Nc3 Nf6 4. d4 exd4 5. Nxd4 Bb4 6. Nxc6 bxc6 7. Bd3 d5 8.
exd5 cxd5 9. O-O O-O 10. h3 c6 11. Qf3 Bd6 12. Re1 Rb8 13. b3 Be6 14. Bg5 Re8
15. Ne2 1/2-1/2

[Event "35th Zalakaros Open 2016"]
[Site "Zalakaros HUN"]
[Date "2016.05.31"]
[Round "5.6"]
[White "Papp, Gabor1"]
[Black "Korpa, Bence"]
[Result "1-0"]
[WhiteTitle "GM"]
[BlackTitle "IM"]
[WhiteElo "2596"]
[BlackElo "2461"]
[WhiteFideId "718602"]
[BlackFideId "706671"]
[EventDate "2016.05.27"]

1. e4 c6 2. Nc3 d5 3. Nf3 Bg4 4. h3 Bxf3 5. Qxf3 e6 6. Qg3 Nd7 7. d4 Qb6 8. Bd3
Qxd4 9. Be3 Qb4 10. exd5 cxd5 11. O-O-O Bd6 12. f4 Ngf6 13. Nb5 Bb8 14. a3 Qe7
15. Qxg7 Rg8 16. Qh6 Rxg2 17. Bd2 Qc5 18. Rhe1 a6 19. Bb4 Qb6 20. f5 e5 21. Bf1
Rg8 22. Nd4 Bd6 23. Bc3 O-O-O 24. Nb3 Qf2 25. Ba5 e4 26. Bd2 Qxf5 27. Qe3 Rg3
28. Qa7 Bb8 29. Qd4 Qe5 30. Qa4 Nb6 31. Qa5 Bc7 32. Bc3 Rxc3 33. Qxc3 Qxc3 34.
bxc3 Be5 35. c4 Nxc4 36. Bxc4 dxc4 37. Rxd8+ Kxd8 38. Nc5 e3 39. Kd1 Kc7 40.
Rxe3 Bd4 41. Rf3 Kc6 42. Na4 Nd5 43. c3 Bf6 44. Kc2 b5 45. Nb2 Kd6 46. Nd1 Ke6
47. Rg3 Be5 48. Rg8 f5 49. Re8+ Kf6 50. Ra8 Nc7 51. Rf8+ Kg6 52. Ne3 f4 53. Ng4
Bg7 54. Rd8 h5 55. Rd6+ Kg5 56. Rd7 Ne6 57. Nh2 Kf5 58. Rd5+ Ke4 59. Rxh5 f3 60.
Rh4+ Nf4 61. Rh7 Bf8 62. h4 f2 63. h5 Bd6 64. Rd7 Be5 65. h6 Ng2 66. Re7 Ne3+
67. Kd2 Ng4 68. Nxg4 f1=Q 69. Rxe5+ Kf4 70. Rf5+ 1-0

[Event "35th Zalakaros Open 2016"]
[Site "Zalakaros HUN"]
[Date "2016.05.31"]
[Round "5.7"]
[White "Medvegy, Zoltan"]
[Black "Puranik, Abhimanyu"]
[Result "0-1"]
[WhiteTitle "GM"]
[BlackTitle "IM"]
[WhiteElo "2553"]
[BlackElo "2452"]
[WhiteFideId "708402"]
[BlackFideId "5061245"]
[EventDate "2016.05.27"]

1. Nf3 Nf6 2. c4 g6 3. Nc3 d5 4. cxd5 Nxd5 5. h4 Nc6 6. h5 Bg7 7. h6 Bf6 8. g3
Nxc3 9. bxc3 e5 10. Qc2 O-O 11. d3 Bg4 12. Bg2 e4 13. dxe4 Nb4 14. cxb4 Bxa1 15.
O-O Bf6 16. e5 Bxf3 17. Bxf3 Bxe5 18. Bxb7 Rb8 19. Bc6 Qe7 20. b5 Rfd8 21. Kg2
Bd4 22. e3 Bf6 23. Qa4 Bg5 24. Rh1 Qc5 25. Ba3 Qb6 26. Qc2 Bf6 27. Qc4 a6 28.
bxa6 Rd2 29. Bc1 Rxa2 30. Qxa2 Qxc6+ 31. Kh2 Rb5 32. g4 Be5+ 33. f4 Rc5 34. Rd1
Bf6 35. a7 Rc2+ 36. Rd2 Rxa2 37. Rxa2 Qa8 38. Ra6 Be7 39. Ba3 Bxa3 40. Rxa3 Kf8
41. g5 Ke7 42. Ra6 c5 43. Kg3 c4 44. Kf2 c3 45. Ra1 c2 46. Ke2 Qd5 47. a8=Q Qxa8
48. Rxa8 c1=Q 49. Rg8 Qc2+ 50. Kf3 Qd1+ 51. Kf2 Ke6 52. Rg7 Kf5 0-1

[Event "35th Zalakaros Open 2016"]
[Site "Zalakaros HUN"]
[Date "2016.05.31"]
[Round "5.8"]
[White "Harika, Dronavalli"]
[Black "Shyam, Sundar M."]
[Result "1-0"]
[WhiteTitle "GM"]
[BlackTitle "GM"]
[WhiteElo "2514"]
[BlackElo "2530"]
[WhiteFideId "5015197"]
[BlackFideId "5019141"]
[EventDate "2016.05.27"]

1. Nf3 d5 2. d4 Nf6 3. c4 e6 4. Bg5 Nbd7 5. e3 h6 6. Bh4 Bb4+ 7. Nbd2 g5 8. Bg3
Ne4 9. a3 Nxg3 10. hxg3 Bf8 11. Qc2 Bg7 12. O-O-O c6 13. Kb1 f5 14. Bd3 Qe7 15.
Nh2 h5 16. f3 g4 17. e4 fxe4 18. fxe4 dxc4 19. Nxc4 e5 20. d5 Nc5 21. Ne3 Rh6
22. Rhf1 Rf6 23. Rxf6 Bxf6 24. Be2 Qf8 25. b4 Nd7 26. dxc6 Nb6 27. Nd5 Nxd5 28.
Rxd5 Be6 29. cxb7 Bxd5 30. exd5 Rd8 31. Qc7 Qe7 32. b8=Q 1-0

[Event "35th Zalakaros Open 2016"]
[Site "Zalakaros HUN"]
[Date "2016.05.31"]
[Round "5.9"]
[White "Czebe, Attila"]
[Black "Svane, Rasmus"]
[Result "1/2-1/2"]
[WhiteTitle "GM"]
[BlackTitle "IM"]
[WhiteElo "2454"]
[BlackElo "2526"]
[WhiteFideId "705268"]
[BlackFideId "4657101"]
[EventDate "2016.05.27"]

1. g3 d5 2. Bg2 e5 3. d3 Nf6 4. Nf3 Bd6 5. Nbd2 O-O 6. e4 c6 7. O-O Re8 8. Re1
Nbd7 9. d4 dxe4 10. Nxe4 Nxe4 11. Rxe4 f5 12. Bg5 Be7 13. Bxe7 Rxe7 14. Re1 e4
15. Nd2 Nf6 16. c3 Be6 17. f3 exf3 18. Qxf3 Qd6 19. Bf1 Rae8 20. Nc4 Qc7 21. Ne3
g6 22. Ng2 Bd5 23. Rxe7 Qxe7 24. Qf4 Bxg2 25. Kxg2 Nd5 26. Qf3 Kg7 27. Bd3 Qg5
28. Qf2 f4 29. Kh1 fxg3 30. Qxg3 Qxg3 31. hxg3 Re3 32. Bc4 Rxg3 33. Bxd5 cxd5
34. Re1 Kf6 35. Re8 Rd3 36. Rf8+ Ke6 37. Re8+ Kf6 38. Rf8+ Ke6 39. Re8+ Kd6 40.
Rd8+ Kc6 41. Rc8+ Kb6 42. b3 Rd1+ 43. Kg2 a5 44. Kf3 h5 45. Rc5 Rf1+ 46. Kg2 Ra1
47. a4 Rc1 48. Kf3 g5 49. Rxd5 Rxc3+ 50. Ke4 Rg3 51. Rd6+ Kc7 52. Rh6 h4 53.
Rh7+ Kb6 54. Rh6+ Kc7 55. Rh7+ Kd6 56. Rh6+ Ke7 57. Ke5 Re3+ 58. Kf5 Rg3 59. d5
h3 60. Ke5 Re3+ 61. Kf5 Rxb3 62. Kxg5 Rd3 63. Kf4 Rxd5 64. Ke4 Rd1 65. Rxh3 Kd6
66. Rb3 Kc6 67. Rc3+ Kb6 68. Rb3+ Ka6 69. Rd3 Rb1 70. Ra3 Kb6 71. Kd5 Rb4 72.
Ra1 Rg4 73. Rb1+ Ka6 74. Ra1 Kb6 75. Ra2 Rh4 76. Ra3 Rh5+ 77. Kd4 Rh4+ 78. Kd5
Rf4 79. Ra2 Ka6 80. Ra1 Rg4 81. Kc5 Rf4 82. Kd5 Rb4 83. Kc5 Ka7 84. Ra2 Ka6 85.
Ra1 b6+ 86. Kd5 Rg4 87. Kc6 Rd4 88. Ra2 Rb4 89. Kd5 Kb7 90. Ra1 Rh4 91. Ra2 Ka7
92. Ra3 Ka6 93. Ra1 Rf4 94. Kc6 Rf5 95. Rb1 Rc5+ 96. Kd6 Rc4 97. Ra1 b5 98. Kd5
Kb6 99. axb5 Rg4 100. Rd1 Rb4 101. Rc1 Kxb5 102. Rc8 Rh4 103. Rb8+ Ka4 104. Kc5
Ka3 105. Rg8 Rh3 106. Kc4 a4 107. Rg2 Rb3 108. Rc2 Rb4+ 109. Kc3 Rb6 110. Kd2
Rb1 111. Rc8 Kb2 112. Rb8+ Ka2 113. Ra8 a3 114. Kc2 Rb2+ 115. Kc1 Rb7 116. Rc8
Ka1 117. Rc6 a2 118. Rc5 Rb1+ 119. Kc2 Rc1+ 1/2-1/2

[Event "35th Zalakaros Open 2016"]
[Site "Zalakaros HUN"]
[Date "2016.05.31"]
[Round "5.10"]
[White "Kreisl, Robert"]
[Black "Efimenko, Zahar"]
[Result "0-1"]
[WhiteTitle "IM"]
[BlackTitle "GM"]
[WhiteElo "2439"]
[BlackElo "2656"]
[WhiteFideId "1613880"]
[BlackFideId "14107201"]
[EventDate "2016.05.27"]

1. d4 Nf6 2. c4 e6 3. Nf3 d5 4. Nc3 Nbd7 5. Bg5 Bb4 6. e3 c5 7. cxd5 exd5 8.
dxc5 Qa5 9. Rc1 Bxc3+ 10. bxc3 O-O 11. Nd4 Ne4 12. Bf4 Re8 13. Be2 Qxc5 14. O-O
Nb6 15. Bd3 Nc4 16. f3 Nb2 17. Qc2 Nxd3 18. Qxd3 Nf6 19. Nb5 Bf5 20. Qxf5 Qxb5
21. c4 Qc6 22. cxd5 Qxd5 23. Qb1 Nh5 24. Rfd1 Qe6 25. Qxb7 Nxf4 26. exf4 Qxa2
27. Ra1 Qe6 28. Qa6 Qe3+ 29. Kh1 Qxf4 30. h3 h6 31. Rd7 Re6 32. Qd3 Rae8 33. Rd8
Rxd8 34. Qxd8+ Kh7 35. Qd3+ g6 36. Qd7 a6 37. Qd1 h5 38. Qd3 a5 39. Qd1 Re5 40.
Qd3 a4 41. Qd1 Ra5 42. Ra3 Ra6 43. Qc2 Re6 44. Qd1 Ra6 45. Qc2 Ra7 46. Qd1 Qb4
47. Ra1 a3 48. Qd5 a2 49. Kh2 Qb2 50. Qd1 Rc7 51. Qh1 Qe5+ 0-1

[Event "35th Zalakaros Open 2016"]
[Site "Zalakaros HUN"]
[Date "2016.05.31"]
[Round "5.11"]
[White "Kravtsiv, Martyn"]
[Black "Lalic, Bogdan"]
[Result "1-0"]
[WhiteTitle "GM"]
[BlackTitle "GM"]
[WhiteElo "2641"]
[BlackElo "2431"]
[WhiteFideId "14113147"]
[BlackFideId "409081"]
[EventDate "2016.05.27"]

1. e4 c5 2. Nf3 Nc6 3. d4 cxd4 4. Nxd4 e5 5. Nb5 d6 6. c4 Be7 7. N1c3 a6 8. Na3
Be6 9. Nc2 Rc8 10. b3 Nf6 11. Bd3 O-O 12. O-O b5 13. cxb5 Na7 14. Nd5 Nxb5 15.
Bb2 Nxd5 16. exd5 Bxd5 17. Bxh7+ Kxh7 18. Qxd5 f5 19. Ne3 f4 20. Qe4+ g6 21. Nd5
f3 22. gxf3 Bg5 23. Kh1 Nc7 24. Rg1 Nxd5 25. Qxd5 Rc2 26. Bc1 Rxc1 27. Raxc1
Bxc1 28. Rxc1 Qf6 29. Rc3 Kh6 30. Kg2 Qh4 31. Rc4 Qg5+ 32. Kf1 Qf5 33. Qd2+ Kg7
34. Rc7+ Rf7 35. Qxd6 Rxc7 36. Qxc7+ Kh6 37. Qc1+ Kh5 38. Kg2 g5 39. Qc4 Qf6 40.
h3 Qd6 41. b4 1-0

[Event "35th Zalakaros Open 2016"]
[Site "Zalakaros HUN"]
[Date "2016.05.31"]
[Round "5.12"]
[White "Gazik, Viktor"]
[Black "Prohaszka, Peter2"]
[Result "0-1"]
[WhiteTitle "FM"]
[BlackTitle "GM"]
[WhiteElo "2433"]
[BlackElo "2593"]
[WhiteFideId "14928752"]
[BlackFideId "726265"]
[EventDate "2016.05.27"]

1. e4 c6 2. Nc3 d5 3. Nf3 Bg4 4. h3 Bxf3 5. Qxf3 e6 6. d3 Nd7 7. g4 Bc5 8. Bg2
Ne7 9. Qg3 Ng6 10. h4 h5 11. gxh5 Rxh5 12. Bg5 Be7 13. Bf3 Rh7 14. O-O-O Bxg5+
15. hxg5 Rxh1 16. Rxh1 Qb8 17. Qxb8+ Rxb8 18. Bh5 Nf4 19. Rh4 Nxh5 20. Rxh5 dxe4
21. Nxe4 Ke7 22. Kd2 c5 23. Kc3 b6 24. Rh7 Rg8 25. Kc4 a6 26. a4 Nf8 27. Rh1 f5
28. gxf6+ gxf6 29. Rh4 f5 30. Ng3 Nd7 31. Kc3 Nf6 32. Kd2 Kd6 33. b3 Rg4 34. Rh8
Rg8 35. Rh4 b5 36. axb5 axb5 37. Ke2 Nd5 38. Kd2 Ra8 39. Ne2 Ra1 40. Nc1 Rb1 41.
Ne2 Rf1 42. c4 bxc4 43. bxc4 Nb4 44. Rf4 Nc6 45. Ng3 Ra1 46. Rh4 Ne5 47. Rf4
Ra2+ 48. Ke3 Ng6 49. Nh5 Nxf4 50. Nxf4 e5 51. Nh3 Ra3 52. f3 Ke7 53. Ng5 Rb3 54.
Nh7 Rb1 55. f4 Re1+ 56. Kf2 Rh1 57. Ng5 exf4 58. Kf3 Kf6 0-1

[Event "35th Zalakaros Open 2016"]
[Site "Zalakaros HUN"]
[Date "2016.05.31"]
[Round "5.13"]
[White "Nguyen, Thai Dai Van"]
[Black "Erdos, Viktor"]
[Result "1-0"]
[WhiteTitle "FM"]
[BlackTitle "GM"]
[WhiteElo "2438"]
[BlackElo "2577"]
[WhiteFideId "358878"]
[BlackFideId "719978"]
[EventDate "2016.05.27"]

1. e4 e6 2. d4 d5 3. Nc3 Nf6 4. e5 Nfd7 5. f4 c5 6. Nf3 Be7 7. Be3 b6 8. Be2 Ba6
9. O-O O-O 10. f5 Bb7 11. fxe6 fxe6 12. Qe1 Rxf3 13. Bxf3 cxd4 14. Bxd4 Nc6 15.
Nxd5 exd5 16. Bxd5+ Kh8 17. Bc3 Qc7 18. Rf7 Nd8 19. Bxb7 Bc5+ 20. Kh1 Qxb7 21.
Rxg7 Kxg7 22. e6+ Nf6 23. Qh4 Kf8 24. Qxf6+ Ke8 25. Rf1 Qd5 26. Qh8+ Ke7 27.
Qxh7+ Ke8 28. Qg6+ Ke7 29. Rf7+ Nxf7 30. Qxf7+ Kd8 31. e7+ 1-0

[Event "35th Zalakaros Open 2016"]
[Site "Zalakaros HUN"]
[Date "2016.05.31"]
[Round "5.14"]
[White "Farago, Ivan"]
[Black "Szabo, Gergely-Andras-Gyula"]
[Result "1/2-1/2"]
[WhiteTitle "GM"]
[BlackTitle "GM"]
[WhiteElo "2391"]
[BlackElo "2548"]
[WhiteFideId "700134"]
[BlackFideId "1205064"]
[EventDate "2016.05.27"]

1. d4 Nf6 2. c4 e6 3. Nf3 d5 4. Nc3 Bb4 5. cxd5 exd5 6. Bf4 Ne4 7. Rc1 Nc6 8.
Nd2 Bxc3 9. bxc3 Nxf2 10. Kxf2 Qf6 11. e3 g5 12. Qf3 gxf4 13. Qxf4 Qxf4+ 14.
exf4 Ne7 15. Bd3 f6 16. Rhe1 Kf7 17. Re3 Nf5 18. Re2 1/2-1/2

[Event "35th Zalakaros Open 2016"]
[Site "Zalakaros HUN"]
[Date "2016.05.31"]
[Round "5.15"]
[White "Horvath, Jozsef1"]
[Black "Meszaros, Tamas"]
[Result "1-0"]
[WhiteTitle "GM"]
[BlackTitle "IM"]
[WhiteElo "2528"]
[BlackElo "2409"]
[WhiteFideId "700061"]
[BlackFideId "717410"]
[EventDate "2016.05.27"]

1. d4 Nf6 2. c4 e6 3. g3 d5 4. Bg2 dxc4 5. Nf3 Bb4+ 6. Bd2 a5 7. Qc2 Bxd2+ 8.
Qxd2 c6 9. a4 Ne4 10. Qf4 Nd6 11. Na3 Na6 12. Ne5 O-O 13. O-O Nb4 14. Rfd1 f6
15. Nexc4 Nxc4 16. Nxc4 b6 17. Rd2 Ba6 18. b3 Bxc4 19. bxc4 Qe7 20. Qe3 Rad8 21.
Rad1 Rfe8 22. h4 Qc7 23. Bf3 Rd7 24. d5 cxd5 25. cxd5 Rd6 26. dxe6 Rdxe6 27. Qb3
Kh8 28. Qxe6 1-0

[Event "35th Zalakaros Open 2016"]
[Site "Zalakaros HUN"]
[Date "2016.05.31"]
[Round "5.16"]
[White "Saravanan, V."]
[Black "Horvath, Adam1"]
[Result "0-1"]
[WhiteTitle "IM"]
[BlackTitle "GM"]
[WhiteElo "2272"]
[BlackElo "2515"]
[WhiteFideId "5000580"]
[BlackFideId "708003"]
[EventDate "2016.05.27"]

1. Nf3 Nf6 2. c4 e6 3. Nc3 d5 4. d4 Bb4 5. e3 O-O 6. Bd3 dxc4 7. Bxc4 c5 8. O-O
Nc6 9. a3 Ba5 10. Rb1 h6 11. Qd3 cxd4 12. exd4 Bb6 13. Be3 Ne7 14. Rbd1 Bd7 15.
Ne5 Bc6 16. Ba2 Bd5 17. Nxd5 Nexd5 18. Bb1 Ne7 19. g4 Re8 20. f4 g6 21. f5 exf5
22. Bxh6 Nxg4 23. Nxg4 fxg4 24. Ba2 Nf5 25. Rxf5 gxf5 26. Qxf5 Bxd4+ 27. Kh1 Qf6
28. Qxg4+ Kh7 29. Bf4 Qc6+ 30. Qg2 Rad8 31. Qxc6 bxc6 32. Bxf7 Rf8 33. Bg5 Bf6
34. Rxd8 Bxd8 35. Bxd8 Rxd8 36. b3 Rd2 37. b4 Kg7 38. Be8 Rc2 39. a4 Kf8 40. Bg6
Rc1+ 41. Kg2 Rc4 0-1

[Event "35th Zalakaros Open 2016"]
[Site "Zalakaros HUN"]
[Date "2016.05.31"]
[Round "5.17"]
[White "Andersen, Mads"]
[Black "Csonka, Balazs"]
[Result "1-0"]
[WhiteTitle "GM"]
[BlackTitle "FM"]
[WhiteElo "2505"]
[BlackElo "2400"]
[WhiteFideId "1413864"]
[BlackFideId "742910"]
[EventDate "2016.05.27"]

1. d4 d5 2. c4 c6 3. Nf3 Nf6 4. Nbd2 Bf5 5. Nh4 Bc8 6. e3 e6 7. g3 Be7 8. Bg2
O-O 9. O-O b6 10. b3 a5 11. Bb2 Ba6 12. Qc2 Nbd7 13. Rfe1 Rc8 14. e4 b5 15. c5
dxe4 16. Nxe4 Nxe4 17. Rxe4 b4 18. a3 Bb5 19. axb4 axb4 20. Rd1 Ra8 21. Nf3 Ra2
22. Ree1 Qc7 23. h4 Rfa8 24. Qb1 Bf6 25. Rd2 Qa7 26. Ng5 Bxg5 27. hxg5 Nf8 28.
Qc1 Ng6 29. Be4 Qd7 30. Bb1 R2a7 31. Rdd1 Qd5 32. Qe3 Qd7 33. Rd2 Rd8 34. f4
Raa8 35. Qf3 Ne7 36. Rh2 g6 37. Rxh7 Qd5 38. Be4 Kxh7 39. Bxd5 Nxd5 40. Rd1 Kg7
41. Qe4 Rh8 42. Qe5+ Kg8 43. Rd2 Rh5 44. Kg2 Ra2 45. Qe1 Rh7 46. Qe4 Kf8 47. Rf2
Ke7 48. Qe5 Kf8 49. g4 Bd3 50. Qd6+ Kg8 51. Qxc6 Be4+ 52. Kg3 Rh3+ 53. Kxh3
Nxf4+ 54. Kg3 Bxc6 55. Kxf4 Bd5 56. Ke5 Kg7 57. Kd6 Ra6+ 58. Kc7 Kf8 59. Bc1 Ke8
60. Bf4 Ra7+ 61. Kb6 Rb7+ 62. Ka6 Kd7 63. Rh2 Kc6 64. Rh8 Bf3 65. Rc8+ Kd7 66.
Rf8 Kc6 67. Rd8 Be2+ 68. Ka5 Rd7 69. Rc8+ Kb7 70. Rb8+ Ka7 71. Rxb4 Rb7 72. c6
Rxb4 73. Kxb4 Kb6 74. c7 Kb7 75. Kc5 Kc8 76. Kd6 Bxg4 77. Be5 Bf5 78. b4 Bd3 79.
Ke7 Bf5 80. b5 Bd3 81. b6 Be4 82. Ke8 1-0

[Event "35th Zalakaros Open 2016"]
[Site "Zalakaros HUN"]
[Date "2016.05.31"]
[Round "5.18"]
[White "Aczel, Gergely"]
[Black "Costachi, Mihnea"]
[Result "0-1"]
[WhiteTitle "IM"]
[BlackTitle "FM"]
[WhiteElo "2502"]
[BlackElo "2397"]
[WhiteFideId "727709"]
[BlackFideId "1217518"]
[EventDate "2016.05.27"]

1. d4 Nf6 2. c4 g6 3. f3 Bg7 4. e4 d6 5. Nc3 O-O 6. Be3 c5 7. Nge2 Nc6 8. d5 Ne5
9. Ng3 h5 10. Be2 h4 11. Nf1 e6 12. Nd2 exd5 13. cxd5 h3 14. g3 a6 15. O-O b5
16. a3 Bd7 17. Rf2 Qb8 18. Qf1 b4 19. axb4 Qxb4 20. Nc4 Nxc4 21. Bxc4 a5 22. Nb5
Bxb5 23. Bxb5 Rab8 24. Bc6 Nh7 25. Ra4 Qb3 26. Ra3 Qb4 27. Ra4 Qb3 28. Bf4 Rfd8
29. Bc1 Bd4 30. Rxd4 cxd4 31. Qxh3 a4 32. Kg2 Qd1 33. Qh6 a3 34. bxa3 Rb1 35.
Rf1 Qc2+ 36. Kh3 Qe2 37. Rg1 Qxf3 38. Qd2 Nf6 39. Qxd4 Nxe4 40. Bf4 Rxg1 0-1